Catàleg de la Xarxa de Governs Locals 2019 : Compromís amb la qualitat: Carta de serveis Compromís amb la qualitat: Carta de serveis
Descripción Física:
1 tríptic ; 15 x 21 cm
Materias:
Pla Xarxa de Governs Locals 2016-2019 (Barcelona (Catalunya : Província))
; Municipis -- Govern i administració -- Barcelona (Catalunya : Província)
Idioma:
Catalán
MARC
| LEADER | 00000nam a22000007a 4500 | ||
|---|---|---|---|
| 001 | 27985 | ||
| 003 | Arxiu | ||
| 005 | 20260324181518.0 | ||
| 008 | 230606b spa||||| |||| 00| 0 cat d | ||
| 017 | |a B 30281-2018 | ||
| 040 | |a agdb |b cat | ||
| 245 | |a Catàleg de la Xarxa de Governs Locals 2019 : |b Compromís amb la qualitat: Carta de serveis | ||
| 260 | |a Barcelona : |b Diputació de Barcelona ; |c 2018 | ||
| 300 | |a 1 tríptic ; |c 15 x 21 cm | ||
| 610 | 0 | |9 56440 |a Pla Xarxa de Governs Locals 2016-2019 (Barcelona (Catalunya : Província)) | |
| 650 | 0 | |9 42329 |a Municipis |x Govern i administració |x Barcelona (Catalunya : Província) | |
| 710 | |9 53503 |a Barcelona (Catalunya : Província). |b Servei de Planificació i Avaluació | ||
| 710 | |9 56441 |a Barcelona (Catalunya : Província). |b Direcció de Serveis de Cooperació Local | ||
| 942 | |2 udc |n 1 | ||
| 952 | |0 0 |1 0 |2 udc |4 0 |6 FU7617 |7 1 |9 66465 |a Arxiu |b Arxiu |d 2023-06-06 |l 0 |o FU-76-17 |p 27985 |r 2023-06-06 00:00:00 |w 2023-06-06 |y ARXIU | ||
| 999 | |c 83798 |d 83798 | ||